Masjid , kuil dan gereja warisan

Bibliographic Details
Main Author: Mohd. Tajuddin Mohd. Rasdi
Format: Book
Published: Kuala Lumpur : Dewan Bahasa dan Pustaka , 2017
Subjects:

MARC

LEADER 00000cam a2200000 7i4500
001 0000235112
005 20200722153233.0
020 |a 9789834900168 
090 0 0 |a 726   |b MOH 
100 0 |a Mohd. Tajuddin Mohd. Rasdi 
245 1 0 |a Masjid , kuil dan gereja warisan   |c Mohd. Tajuddin Mohd Rasdi 
260 |a Kuala Lumpur :   |b Dewan Bahasa dan Pustaka ,   |c 2017 
300 |a 81p. ;   |c 26cm. 
650 0 |a Church architecture 
650 0 |a Mosques 
650 0 |a Religious architecture 
650 0 |a Temples 
999 |a 00376668   |b BUKU   |c MALAYSIANA   |e PERPUSTAKAAN KOMUNITI PETALING JAYA